A higiene da boca da criança e o excepcional (Record no. 153876)

MARC details
000 -LÍDER
campo de controle de tamanho fixo 00399 a2200133 4500
001 - NÚMERO DE CONTROLE
campo de controle 153876
040 ## - FONTE DA CATALOGAÇÃO
Instituição que transcreveu o registro Escola São Tomás de Aquino
100 ## - ENTRADA PRINCIPAL--NOME PESSOAL
Nome pessoal SALGADO,Mauro Ivan
240 10 - TÍTULO UNIFORME
Título uniforme A higiene da boca da criança e o excepcional
Idioma da obra por
245 10 - TÍTULO
Título A higiene da boca da criança e o excepcional
440 #1 - DECLARAÇÃO DE SÉRIE/ENTRADA ADICIONADA--TÍTULO
Título Associação Brasileira de Odontologia
697 ## - ENTRADA DE ASSUNTO LOCAL--ENTIDADE COLETIVA (RLIN)
Nome corporativo ou nome da jurisdição *LITERATURA INFANTIL
942 ## - ELEMENTOS DE ENTRADA ADICIONADOS (KOHA)
Tipo de material Koha Livros
Holdings
Situação do descarte Situação das perdas Situação física Não pode ser emprestado Biblioteca de origem Biblioteca atual Data de aquisição Total de empréstimos Número de chamada completo Código de barras Data de último acesso Data do preço efetivo Tipo de material Koha
        ESTA - SÃO BENTO ESTA - SÃO BENTO 30/04/2024   028.51 SAL HIG EST00007935 30/04/2024 30/04/2024 Livros